000 00916nmm a2200277 a 4500
001 ocm000576772
003 TR-IsHL
005 20201028121440.0
008 130705s2008 tu tur
007 cr cn
020 _a9786055880323
035 _a576772
_b(N$T)
050 0 4 _aDR590
_b.B53 2008
090 0 4 _aDR590
_b.B53 2008
100 1 _aBicik, Mehmet
245 1 0 _a101 soruda bilinmeyen yönleriyle Vahdettin: hain mi? kahraman mı?
_h[electronic resource] /
_cMehmet Bicik
250 _a1. bs.
260 _aİstanbul :
_bAkis Kitap,
_c2008
300 _a288 p.
650 4 _aTarih
650 4 _aHistory
650 0 _aTürkiye
_x Tarih
_x Mehmed VI, 1918-1922
650 0 _aTurkey
_x History
_x Mehmed VI, 1918-1922
650 7 _aHISTORY / Middle East / Turkey & Ottoman Empire
_2bisacsh
856 4 0 _uhttp://search.ebscohost.com/login.aspx?direct=true&scope=site&db=e011xww&AN=576772
999 _c1331
_d1331